000
00289nam a22001337a 4500
008
170929b xxu||||| |||| 00| 0 eng d
020
_a
0471870552
041
_a
eng
080
_2
2ND
_a
37
100
_a
47
101
_a
EDU
245
_a
WILEY OFFICE HANDBOOK
_c
KUTIE,R
942
_2
udc
_c
BK
999
_c
30676
_d
30676